Deep learning : (Record no. 53812)

MARC details
000 -LEADER
fixed length control field 00466nam a2200157Ia 4500
005 - DATE AND TIME OF LATEST TRANSACTION
control field 20260430133740.0
008 - FIXED-LENGTH DATA ELEMENTS--GENERAL INFORMATION
fixed length control field 260429s9999||||xx |||||||||||||| ||und||
020 ## - INTERNATIONAL STANDARD BOOK NUMBER
International Standard Book Number 9783031454677
082 ## - DEWEY DECIMAL CLASSIFICATION NUMBER
Classification number 006.31
Item number BIS
100 ## - MAIN ENTRY--PERSONAL NAME
Personal name Bishop, Christopher M.
245 #0 - TITLE STATEMENT
Title Deep learning :
Remainder of title foundations and concepts /
Statement of responsibility, etc Christopher M. Bishop
260 ## - PUBLICATION, DISTRIBUTION, ETC. (IMPRINT)
Place of publication, distribution, etc Cham :
Name of publisher, distributor, etc Springer International Publishing,
Date of publication, distribution, etc 2024.
300 ## - PHYSICAL DESCRIPTION
Extent xx, 649 p.; hb
700 ## - ADDED ENTRY--PERSONAL NAME
Personal name Bishop, Hugh
942 ## - ADDED ENTRY ELEMENTS (KOHA)
Koha item type Coaching cell/ UGC NET Cell
Holdings
Withdrawn status Lost status Damaged status Not for loan Home library Location Shelving location Date of Cataloging Source of acquisition Total Checkouts Full call number Barcode Date last seen Price effective from Koha item type
        CUTN Central Library CUTN Central Library Generalia 30/04/2026 UGC NET cell books   006.31 BIS 55454 30/04/2026 30/04/2026 Coaching cell/ UGC NET Cell